000 01116nam a2200229 a 4500
001 000044927
005 20201002045734.0
008 150119s2014 dr abc 000 i spa d
020 _a9789945456035
040 _aDO-SdBNP
_bspa
_cBNPHU
082 _axxxx
_bT231m
100 1 _aTavárez Mirabal, Minou,
_d1956-
_972947
245 1 0 _aMañana te escribiré otra vez :
_bMinerva y Manolo. Cartas /
_cMinou Tavárez Mirabal; presentación Michelle Bachelet Jeria.
260 _aSanto Domingo :
_bAguilar,
_bFundación Hermanas Mirabal,
_c2014.
300 _a303 p. :
_bil., mapas, retrs. ;
_c23 cm.
500 _aIncluye datos biográficos de de la autora en las solapas
500 _aIncluye índice de fotos y foto-collages.
500 _aIncluye referencias bibliográficas y notas al pie de las páginas.
505 0 _tNovios --
_gAgosto 1954 - Octubre 1955 --
_tEsposos --
_g1956-1958 --
_tEn la cárcel --
_g1959-1960 --
_tLa vida --
_tAnexos --
_tGlosario --
_tÍndice de fotos y foto-collages --
_tLa ciudad de Minerva y Manolo /
590 _aInventariado, 2019/ YL
700 1 _aBachelet Jeria, Michelle
_eprest.
_972948
999 _c44416
_d44416